00693nam a2200193 a 450000100100000000500170001000800410002702000150006804000250008310000240010824500870013226000380021930000270025749000350028459000250031970000330034495201050037799900170048200004751520201002060601.0180614s2005 dr a 000 spa d a9870401880 aDO-SdBNPbspacBNPHU aBasch, Adela975132 0aColón agarra viaje a toda costa. /cAdela Basch ; Ilustraciones Ricardo Fuhmann. aSanto Domingo :bCorripio,c2005. a89 p. :bil. ;c21 cm. aColección Alfaguara infantil aInventariado,2018/DG aFuhmann, Ricardoeil.975133 0010718PDaPDbPDcHDd2018-06-14iLF1l0o p47515-10r2020-06-25w2020-06-25yLFPDZNo se presta c47003d47003